| 000 | 00496cam a2200193ua 4500 | ||
|---|---|---|---|
| 003 | OSt | ||
| 008 | 250802b |||||||| |||| 00| 0 eng d | ||
| 020 | _a0-89838-862-7 | ||
| 041 | _aeng | ||
| 082 |
_a636.2 _bWIE/CA |
||
| 100 |
_aWierenga, H K. _97669 |
||
| 245 | 0 | 0 | _aCattle housing systems, lameness and behaviour / |
| 250 | _a1 / | ||
| 260 |
_a : _bMartinus Nijhoff Publishers , _c1987. |
||
| 300 | _a187 ; . | ||
| 650 |
_aProceedings _95834 |
||
| 700 | 1 |
_aPeterse, D J. _97670 |
|
| 942 | _cBK | ||
| 999 |
_c171 _d171 |
||